Statistics for Latvia... Or Lithuania?

Click here to take the quiz!

General Stats

  • This quiz has been taken 156 times
    (153 since last reset)
  • The average score is 12 of 15

Answer Stats

QuestionAnswer% Correct
Its capital is RigaLatvia
99%
Its capital is VilniusLithuania
97%
It borders EstoniaLatvia
94%
It is a member of NATOBoth
92%
Borders the Baltic SeaBoth
91%
It used to form a commonwealth with PolandLithuania
85%
The first Grand Duke of this country was called MindaugasLithuania
84%
Until 2015, Litas used to be the currency of this countryLithuania
84%
Its flag features three coloursLithuania
79%
It borders the Russian exclave of KaliningradLithuania
78%
Has a larger part of ethnic RussiansLatvia
73%
It restored its independence from Soviet Russia earlierLithuania
68%
In January 1991, 14 civilians were killed by the Soviet military especially around the TV tower in the capital of this countryLithuania
66%
Used to be part of the Swedish Empire (partly)Latvia
56%
Is the first country in the world with a Head of Government from the Green PartyLatvia
55%

Score Distribution

Percentile by Number Answered

Percent of People with Each Score

Your Score History

You have not taken this quiz since the last reset